| 000 | 00681nam a22002297i 4500 | ||
|---|---|---|---|
| 001 | IT\ICCU\CFI\0924000 | ||
| 003 | ItRI | ||
| 005 | 20260319160015.0 | ||
| 008 | 151230s2007 it |||||| ||||| |||||c | ||
| 020 | _a9788886633529 | ||
| 040 |
_bita _cArcigay Catania |
||
| 041 | 7 |
_aita _2ISO-639-2 |
|
| 100 | 1 |
_aBuono, Grazia _0IT\ICCU\CFIV\327292 |
|
| 245 | 1 | 0 |
_aSessanta masturbazioni per Bianca / _cGrazia Buono. |
| 260 |
_aMilano : _bIl dito e la luna, _c2007 |
||
| 300 |
_a199 p. ; _c17 cm |
||
| 650 | 7 |
_aOmosessualità femminile _xMemorie _2nsbncf |
|
| 830 | 3 |
_aLe coccinelle ; _v4 _0IT\ICCU\UBO\3151673 |
|
| 942 |
_2ddc _cBK _n0 |
||
| 981 | 1 |
_6z01 _ai _bxxxe |
|
| 982 | 1 |
_6z01 _an |
|
| 999 |
_c28923 _d28923 |
||